Catalog

Record Details

Catalog Search



Available copies

  • 1 of 1 copy available at LARL/NWRL Consortium.
  • 1 of 1 copy available at Lake Agassiz Regional Library. (Show preferred library)

Current holds

0 current holds with 1 total copy.

Show Only Available Copies
Location Call Number / Copy Notes Barcode Shelving Location Status Due Date
Moorhead Public Library GRI (Text) 33500011021482 Main Available -

Record details

  • ISBN: 9780399162572
  • ISBN: 0399162577
  • Physical Description: 344 pages ; 24 cm.
  • Publisher: New York : G.P. Putnam's Sons, 2013.

Content descriptions

Summary, etc.:
Philadelphia homicide detective Matt Payne must ... Read More
Subject: Payne, Matt (Fictitious character) > Fiction.
Police > Pennsylvania > Philadelphia > Fiction.
Philadelphia (Pa.) > Fiction.
Genre: Mystery fiction.
LDR 01922cam a22004578i 4500
001151256
003LARL_NWRL_CONSORTIUM
00520130729103909.0
008130430s2013 nyu 000 1 eng
020 . ‡a9780399162572
020 . ‡a0399162577
035 . ‡a(OCoLC)818953716
042 . ‡apcc
043 . ‡an-us-pa
08200. ‡a813/.54 ‡223
1001 . ‡aGriffin, W. E. B. ‡0(LARL_NWRL_CONSORTIUM)88287
24514. ‡aThe last witness ‡n#11 / ‡cW.E.B. Griffin and William E. Butterworth IV.
260 . ‡aNew York : ‡bG.P. Putnam's Sons, ‡c2013.
300 . ‡a344 pages ; ‡c24 cm.
336 . ‡atext ‡btxt ‡2rdacontent
337 . ‡aunmediated ‡bn ‡2rdamedia
338 . ‡avolume ‡bnc ‡2rdacarrier
4900 . ‡aBadge of honor ; ‡vv. 11
520 . ‡aPhiladelphia homicide detective Matt Payne must locate the lone living witness to a sex trade ring connected to the Mexican drug cartels and the Russian mob.
650 0. ‡aPayne, Matt (Fictitious character) ‡vFiction.
650 0. ‡aPolice ‡zPennsylvania ‡zPhiladelphia ‡vFiction. ‡0(LARL_NWRL_CONSORTIUM)174210
651 0. ‡aPhiladelphia (Pa.) ‡vFiction. ‡0(LARL_NWRL_CONSORTIUM)166612
655 7. ‡aMystery fiction. ‡2gsafd
7001 . ‡aButterworth, William E. ‡q(William Edmund), ‡eauthor. ‡0(LARL_NWRL_CONSORTIUM)195558
901 . ‡a151256 ‡bOCLC ‡c151256 ‡tbiblio

Additional Resources